书目信息 |
| 题名: |
多肽激素的当代理论和应用
|
|
| 作者: | 盛树力 | |
| 分册: | ||
| 出版信息: | 北京 科学技术文献出版社 1998 |
|
| 页数: | 392 | |
| 开本: | 26cm | |
| 丛书名: | ||
| 单 册: | ||
| 中图分类: | Q57 | |
| 科图分类: | ||
| 主题词: | 激素 | |
| 电子资源: | ||
| ISBN: | 7-5023-3085-2 | |
| 000 | 00524nam0 2200181 450 | |
| 001 | 0741144344 | |
| 005 | 20070817112544.34 | |
| 010 | @a7-5023-3085-2@d¥50.00 | |
| 100 | @a20070817d km y0chiy0120 ea | |
| 101 | 0 | @achi |
| 200 | 1 | @a多肽激素的当代理论和应用@Aduo tai ji su de dang dai li lun he ying yong@f盛树力@Fsheng shu li |
| 210 | @a北京@c科学技术文献出版社@d1998 | |
| 215 | @a392@d26cm | |
| 606 | 0 | @a激素 |
| 690 | @aQ57@v3 | |
| 701 | 0 | @a盛树力@Asheng shu li |
| 801 | 0 | @aCN@bPFT@c20070817 |
| 905 | @a213230@dQ57@en1@f1 | |
| 多肽激素的当代理论和应用/盛树力.-北京:科学技术文献出版社,1998 |
| 392;26cm |
| ISBN 7-5023-3085-2:¥50.00 |
| ● |
| 相关链接 |
|
|
|
|
正题名:多肽激素的当代理论和应用
索取号:Q57/n1
 
预约/预借
| 序号 | 登录号 | 条形码 | 馆藏地/架位号 | 状态 | 备注 |
| 1 | 6600211 | 266002112 | 密集书库-生命科学系/ [索取号:Q57/n1] | 在馆 |